00801cam a22002411 4500001001300000003000400013005001700017008004100034010001700075035001900092040004800111042001200159050001900171100002100190245005100211260009200262300004400354410006000398504002800458650003700486650001900523999001700542e 57000046 DLC20260227111236.0791213s1957 dcua b f000 0 eng c ae 57000046  a(OCoLC)5789519 aU.S. Office of Education. LibrarycIPBdDLC apremarc00aLB3325.O35bT31 aTaylor, James L.10aAdministrative facilities in school buildings. a[Washington]bU.S. Dept. of Health, Education, and Welfare, Office of Educationc[1957] avi, 52 p.billus., diagrs.c20 x 26 cm.20aU.S. Office of Education.tSpecial publication ;vno. 6 aBibliography: p. 43-45. 0aSchool buildingszUnited States. 0aOffice layout. c22285d22285